[Event "Washington State Invitational"]
[Site "Seattle"]
[Date "2010.02.14"]
[Round "8"]
[White "Vanmane, Amith"]
[Black "Narayanan, Siva Bala"]
[Result "1-0"]
[WhiteElo "1643"]
[BlackElo "1787"]
[PlyCount "69"]
[EventDate "2010.02.06"]
[EventType "tourn"]
[EventRounds "9"]
[EventCountry "USA"]
[SourceTitle "EXT 2017"]
[Source "ChessBase"]
[SourceDate "2016.10.25"]
[SourceVersion "1"]
[SourceVersionDate "2016.10.25"]
[SourceQuality "1"]

1. e4 d5 2. exd5 Qxd5 3. Nc3 Qd6 4. Nf3 Nf6 5. Bc4 e6 6. 0-0 a6 7. d3 b5 8. Bb3 Bb7 9. Re1 c5 10. a3 b4 11. axb4 cxb4 12. Ba4+ Nbd7 13. Bxd7+ Qxd7 14. Na4 Qc6 15. Be3 Rd8 16. Nb6 Ng4 17. Nc4 Nxe3 18. fxe3 Qc7 19. Rf1 Rd5 20. Qe2 Rh5 21. d4 Rh6 22. b3 g5 23. Nfe5 f6 24. Ng4 Rg6 25. Nxf6+ Ke7 26. Ng4 Bg7 27. Nge5 Rf6 28. Rxf6 Bxf6 29. Qh5 Kf8 30. Rf1 Kg7 31. Nd6 Rf8 32. Ne8+ Rxe8 33. Qxe8 Be4 34. Rxf6 Kxf6 35. Qf8+ 1-0

[Event "Washington State Invitational"]
[Site "Seattle"]
[Date "2010.02.13"]
[Round "6"]
[White "Vanmane, Amith"]
[Black "Smith, Mark Trevor"]
[Result "1-0"]
[WhiteElo "1643"]
[BlackElo "1894"]
[PlyCount "95"]
[EventDate "2010.02.06"]
[EventType "tourn"]
[EventRounds "9"]
[EventCountry "USA"]
[SourceTitle "EXT 2017"]
[Source "ChessBase"]
[SourceDate "2016.10.25"]
[SourceVersion "1"]
[SourceVersionDate "2016.10.25"]
[SourceQuality "1"]

1. e4 c5 2. Nc3 d6 3. f4 Nf6 4. Nf3 g6 5. Bb5+ Bd7 6. Bxd7+ Nbxd7 7. d3 Bg7 8. 0-0 0-0 9. h3 a6 10. Be3 b5 11. Qd2 e6 12. Nh2 b4 13. Ne2 d5 14. e5 d4 15. Bxd4 cxd4 16. exf6 Nxf6 17. Qxb4 Nd5 18. Qd2 Ne3 19. Rfe1 Rc8 20. Rac1 e5 21. fxe5 Bxe5 22. Nf3 Bg7 23. c3 Bh6 24. Rb1 Nf5 25. Qd1 Ne3 26. Qd2 Kg7 27. Nexd4 Re8 28. Qf2 Qd5 29. a3 Bf4 30. Nd2 f5 31. Qf3 Qd6 32. Nf1 Nxf1 33. Kxf1 Bg3 34. Rxe8 Rxe8 35. Ne2 Bh4 36. Qf4 Qxd3 37. Qd4+ Qxd4 38. Nxd4 Rb8 39. b4 Rc8 40. Rc1 Bf6 41. Ne6+ Kf7 42. Nc5 a5 43. c4 Bb2 44. Nb7 Rb8 45. Rb1 Bxa3 46. bxa5 Ke7 47. a6 Bc5 48. Re1+ 1-0

[Event "Washington State Invitational"]
[Site "Seattle"]
[Date "2010.02.07"]
[Round "4"]
[White "Tang, Richard OH"]
[Black "Vanmane, Amith"]
[Result "0-1"]
[WhiteElo "1114"]
[BlackElo "1643"]
[PlyCount "172"]
[EventDate "2010.02.06"]
[EventType "tourn"]
[EventRounds "9"]
[EventCountry "USA"]
[SourceTitle "EXT 2017"]
[Source "ChessBase"]
[SourceDate "2016.10.25"]
[SourceVersion "1"]
[SourceVersionDate "2016.10.25"]
[SourceQuality "1"]

1. e4 c5 2. Nf3 d6 3. d4 cxd4 4. Nxd4 Nf6 5. Nc3 e6 6. Be3 Be7 7. Be2 a6 8. 0-0 b5 9. Re1 Bb7 10. f3 0-0 11. Bd3 Nbd7 12. a3 Nc5 13. b4 Nxd3 14. Qxd3 Nd7 15. Rad1 Ne5 16. Qe2 Nc4 17. Ra1 Nxe3 18. Qxe3 Bf6 19. Rad1 Qb6 20. Nb3 Qc7 21. Nd4 Rac8 22. Rd3 Qc4 23. Nde2 Rfd8 24. Rc1 h6 25. Kh1 d5 26. e5 Be7 27. Qa7 Qc7 28. Qe3 Qc6 29. Rd4 f6 30. Rg4 f5 31. Rg3 Bh4 32. Rh3 Bg5 33. f4 d4 34. Qf3 Qxf3 35. gxf3 dxc3 36. fxg5 hxg5 37. Kg1 Rd2 38. Kf1 Bd5 39. Ke1 g4 40. fxg4 fxg4 41. Rd3 Rxe2+ 42. Kxe2 Bc4 43. Ke3 Bxd3 44. cxd3 g5 45. d4 Kg7 46. Kd3 Kg6 47. Ke4 Rc4 48. Rc2 Kh5 49. Kd3 Kg6 50. Ke4 Kf7 51. Kd3 Kg6 52. Ke4 Kh5 53. Kd3 Kg6 54. Rxc3 Rxc3+ 55. Kxc3 Kf5 56. Kd3 Kf4 57. d5 Kxe5 58. dxe6 Kxe6 59. Ke4 Kf6 60. Kd5 Kf5 61. Kc6 Kf4 62. Kb6 g3 63. hxg3+ Kxg3 64. Kxa6 Kh4 65. Kxb5 g4 66. a4 g3 67. a5 g2 68. a6 g1Q 69. Ka5 Qa7 70. b5 Qc5 71. Ka4 Kg5 72. Ka5 Kf6 73. Ka4 Ke6 74. Ka5 Kd6 75. Ka4 Qb6 76. Kb4 Kd5 77. Ka4 Kc4 78. Ka3 Qxb5 79. Ka2 Qxa6+ 80. Kb2 Qa4 81. Kb1 Kd3 82. Kb2 Qb4+ 83. Kc1 Qc3+ 84. Kb1 Qd2 85. Ka1 Kc3 86. Kb1 Qb2# 0-1

[Event "Washington State Invitational"]
[Site "Seattle"]
[Date "2010.02.07"]
[Round "3"]
[White "Vanmane, Amith"]
[Black "Goodfellow, Russell Robert"]
[Result "1-0"]
[WhiteElo "1643"]
[BlackElo "1744"]
[PlyCount "33"]
[EventDate "2010.02.06"]
[EventType "tourn"]
[EventRounds "9"]
[EventCountry "USA"]
[SourceTitle "EXT 2017"]
[Source "ChessBase"]
[SourceDate "2016.10.25"]
[SourceVersion "1"]
[SourceVersionDate "2016.10.25"]
[SourceQuality "1"]

1. e4 c5 2. Nc3 Nc6 3. f4 Nf6 4. e5 Ng8 5. Bc4 d6 6. Nf3 Bg4 7. Bxf7+ Kd7 8. e6+ Bxe6 9. Bxe6+ Kxe6 10. Ng5+ Kf6 11. Nd5+ Kg6 12. 0-0 Nh6 13. h4 e6 14. h5+ Kf5 15. Qf3 Nd4 16. Qd3+ Kg4 17. Qh3# 1-0